Normal view
MARC view
- NEURAL NETWORKS.FUZZY LOGIC.GENETIC ALGORITHMS
Entry Topical Term
001 - CONTROL NUMBER
- control field: 69090
003 - CONTROL NUMBER IDENTIFIER
- control field: NUST
005 - DATE AND TIME OF LATEST TRANSACTION
- control field: 20210628204153.0
008 - FIXED-LENGTH DATA ELEMENTS
- fixed length control field: 210628|| aca||aabn | a|a d
040 ## - CATALOGING SOURCE
- Original cataloging agency: NUST
- Transcribing agency: NUST
150 ## - HEADING--TOPICAL TERM
- Topical term or geographic name entry element: NEURAL NETWORKS.FUZZY LOGIC.GENETIC ALGORITHMS
670 ## - SOURCE DATA FOUND
- Source citation: Work cat.: (NUST): Rajasekaran, S , Pai, G.A. Vijayalakshmi 69089, Neural networks, fuzzy logic, and genetic algorithms , synthesis and applications, 2012
